<?xml version="1.0" encoding="UTF-8"?>
<record
    xmlns:xsi="http://www.w3.org/2001/XMLSchema-instance"
    xsi:schemaLocation="http://www.loc.gov/MARC21/slim http://www.loc.gov/standards/marcxml/schema/MARC21slim.xsd"
    xmlns="http://www.loc.gov/MARC21/slim">

  <leader>00764cam a22002532  4500</leader>
  <controlfield tag="001">0000019479</controlfield>
  <controlfield tag="003">OSt</controlfield>
  <controlfield tag="005">20160224095505.0</controlfield>
  <controlfield tag="008">101215s         xx           000 0 eng d</controlfield>
  <datafield tag="020" ind1=" " ind2=" ">
    <subfield code="a">1847038562 :</subfield>
  </datafield>
  <datafield tag="040" ind1=" " ind2=" ">
    <subfield code="a">KABU</subfield>
    <subfield code="c">KABU</subfield>
  </datafield>
  <datafield tag="100" ind1="1" ind2=" ">
    <subfield code="a">Dennis, Ian H.</subfield>
  </datafield>
  <datafield tag="245" ind1="1" ind2="4">
    <subfield code="a">The Law of evidence /</subfield>
    <subfield code="c">Ian H. Dennis.</subfield>
  </datafield>
  <datafield tag="250" ind1=" " ind2=" ">
    <subfield code="a">4th  ed.</subfield>
  </datafield>
  <datafield tag="260" ind1=" " ind2=" ">
    <subfield code="a">London :</subfield>
    <subfield code="b">Sweet &amp; Maxwell,</subfield>
    <subfield code="c">2010.</subfield>
  </datafield>
  <datafield tag="300" ind1=" " ind2=" ">
    <subfield code="a">lxxxiv, 940p.</subfield>
  </datafield>
  <datafield tag="650" ind1=" " ind2="0">
    <subfield code="a">Evidence (Law)</subfield>
    <subfield code="z">Great Britain.</subfield>
  </datafield>
  <datafield tag="908" ind1=" " ind2=" ">
    <subfield code="a">101215</subfield>
  </datafield>
  <datafield tag="942" ind1=" " ind2=" ">
    <subfield code="2">lcc</subfield>
    <subfield code="c">BK</subfield>
  </datafield>
  <datafield tag="999" ind1=" " ind2=" ">
    <subfield code="c">15714</subfield>
    <subfield code="d">15714</subfield>
  </datafield>
  <datafield tag="952" ind1=" " ind2=" ">
    <subfield code="0">0</subfield>
    <subfield code="1">0</subfield>
    <subfield code="2">lcc</subfield>
    <subfield code="7">0</subfield>
    <subfield code="a">KABU</subfield>
    <subfield code="b">KABU</subfield>
    <subfield code="c">GEN</subfield>
    <subfield code="d">2016-02-24</subfield>
    <subfield code="g">6790.00</subfield>
    <subfield code="l">7</subfield>
    <subfield code="o">KD7498 .D46 2010 c.1</subfield>
    <subfield code="p">23177</subfield>
    <subfield code="r">2024-10-24 16:02:23</subfield>
    <subfield code="s">2024-10-24</subfield>
    <subfield code="w">2016-02-24</subfield>
    <subfield code="y">BK</subfield>
  </datafield>
  <datafield tag="952" ind1=" " ind2=" ">
    <subfield code="0">0</subfield>
    <subfield code="1">0</subfield>
    <subfield code="2">lcc</subfield>
    <subfield code="7">0</subfield>
    <subfield code="a">KABU</subfield>
    <subfield code="b">KABU</subfield>
    <subfield code="c">GEN</subfield>
    <subfield code="d">2016-02-24</subfield>
    <subfield code="g">6790.00</subfield>
    <subfield code="l">9</subfield>
    <subfield code="m">2</subfield>
    <subfield code="o">KD7498 .D46 2010 c.2</subfield>
    <subfield code="p">19976</subfield>
    <subfield code="r">2022-03-11 00:00:00</subfield>
    <subfield code="s">2022-02-23</subfield>
    <subfield code="w">2016-02-24</subfield>
    <subfield code="y">BK</subfield>
  </datafield>
  <datafield tag="952" ind1=" " ind2=" ">
    <subfield code="0">0</subfield>
    <subfield code="1">0</subfield>
    <subfield code="2">lcc</subfield>
    <subfield code="7">0</subfield>
    <subfield code="a">KABU</subfield>
    <subfield code="b">KABU</subfield>
    <subfield code="c">GEN</subfield>
    <subfield code="d">2016-02-24</subfield>
    <subfield code="g">6790.00</subfield>
    <subfield code="l">2</subfield>
    <subfield code="o">KD7498 .D46 2010 c.3</subfield>
    <subfield code="p">21030</subfield>
    <subfield code="r">2021-09-30 00:00:00</subfield>
    <subfield code="s">2021-09-30</subfield>
    <subfield code="w">2016-02-24</subfield>
    <subfield code="y">BK</subfield>
  </datafield>
  <datafield tag="952" ind1=" " ind2=" ">
    <subfield code="0">0</subfield>
    <subfield code="1">0</subfield>
    <subfield code="2">lcc</subfield>
    <subfield code="7">0</subfield>
    <subfield code="a">KABU</subfield>
    <subfield code="b">KABU</subfield>
    <subfield code="c">GEN</subfield>
    <subfield code="d">2016-02-24</subfield>
    <subfield code="g">6790.00</subfield>
    <subfield code="l">4</subfield>
    <subfield code="o">KD7498 .D46 2010 c.5</subfield>
    <subfield code="p">21024</subfield>
    <subfield code="r">2021-10-14 00:00:00</subfield>
    <subfield code="s">2021-09-28</subfield>
    <subfield code="w">2016-02-24</subfield>
    <subfield code="y">BK</subfield>
  </datafield>
</record>
